000 00329nam a22001337a 4500
020 _a978-81-906207-1-0
082 _a001
_bMAN/I
100 _aMAANU GRAPHICS
245 _aILLUSTRATED FASCINATING FACTS YOU WOPULD'NT KNOW!
260 _aDELHI
_bMAANU GRAPHICS
300 _a120
650 _aGENERAL KNOWLEDGE
_zINDIA
942 _cBK
999 _c6607
_d6607